| 000 | 00695nam a22002175i 4500 | ||
|---|---|---|---|
| 001 | 169239 | ||
| 003 | ES-MaACL | ||
| 005 | 20250911062844.0 | ||
| 008 | 080825s2008 sp |||| | spa d | ||
| 020 | _a978-84-7522-029-1 | ||
| 080 | _a821.134.2-14"19" | ||
| 100 |
_aVilas, Manuel, _d1962- _9239668 |
||
| 245 | 1 | 0 |
_aCalor / _cManuel Vilas. |
| 260 |
_aMadrid : _bVisor Libros, _c[2008] |
||
| 300 |
_a63 p. ; _c20 cm. |
||
| 490 | 1 |
_aColección Visor de poesía ; _v685 |
|
| 500 | _a"VI Premio de Poesía Fray Luis de León de la Diputación Provincial de Cuenca" | ||
| 830 | 0 |
_aColección Visor de poesía _v685 _9177331 |
|
| 852 |
_aES-MaACL _jL-29685 _9R.143631 |
||
| 999 |
_c169239 _d169239 |
||